000 00316nam a2200133Ia 4500
005 20251222144704.0
008 251222s9999||||xx |||||||||||||| ||spa||
020 _a0-19-434521-1
082 _a425.03/M17T/5
100 _aViney, Peter
245 0 _aMain Street:
264 _bOxford University Press
942 _cLIB
999 _c17551
_d17551